Loading...
| History - American | 0 | 3 | 0 | 1 | 30 | 94 | 110.33 | 0 | 2 | 0.00 | 0.00 |
| Literature - American | 0 | 3 | 0 | 0 | 30 | 49 | 95.00 | 0 | 1 | 0.00 | 0.00 |
| Fine Arts - Other | 0 | 2 | 0 | 0 | 20 | 59 | 82.50 | 0 | 2 | 0.00 | 0.00 |
| History - European | 0 | 2 | 0 | 0 | 20 | 79 | 102.50 | 0 | 1 | 0.00 | 0.00 |
| Literature - British | 0 | 2 | 0 | 0 | 20 | 92 | 106.00 | 0 | 1 | 0.00 | 0.00 |
| Other | 0 | 2 | 0 | 0 | 20 | 115 | 128.00 | 0 | 0 | 0.00 | 0.00 |
| Science - Other | 0 | 2 | 0 | 0 | 20 | 28 | 31.00 | 2 | 2 | 0.00 | 0.00 |
| Social Science | 0 | 2 | 0 | 2 | 20 | 110 | 119.00 | 0 | 0 | 0.00 | 0.00 |
| Religion | 0 | 1 | 0 | 0 | 10 | 58 | 58.00 | 0 | 1 | 0.00 | 0.00 |
| History - Other | 0 | 1 | 0 | 0 | 10 | 102 | 102.00 | 0 | 1 | 0.00 | 0.00 |
| Literature - World | 0 | 1 | 1 | 0 | 5 | 86 | 86.00 | 0 | 1 | 0.00 | 0.00 |
| Fine Arts - Painting & Sculpture | 0 | 1 | 1 | 0 | 5 | 84 | 84.00 | 0 | 1 | 0.00 | 0.00 |
| Philosophy | 0 | 1 | 1 | 0 | 5 | 76 | 76.00 | 0 | 1 | 0.00 | 0.00 |
| Literature - European | 0 | 1 | 1 | 1 | 5 | 128 | 128.00 | 0 | 1 | 0.00 | 0.00 |